| Tag |
First Indicator |
Second Indicator |
Subfields |
| LEADER |
00000cam a22000001a 4500 |
| 001 |
in00002869430 |
| 006 |
m |o d | |
| 007 |
cr |n||||||||| |
| 008 |
121026s2012 oncabc ob 001 0 eng d |
| 005 |
20250816210805.5 |
| 020 |
|
|
|a 9781554889952 (electronic bk.)
|
| 020 |
|
|
|a 1554889952 (electronic bk.)
|
| 020 |
|
|
|z 9781554889945
|
| 020 |
|
|
|z 1554889944
|
| 035 |
|
|
|a (NhCcYBP)ebr10553833
|
| 040 |
|
|
|a NhCcYBP
|c NhCcYBP
|d UtOrBLW
|
| 043 |
|
|
|a n-cn-ns
|
| 050 |
|
4 |
|a F1039.O35
|b F35 2012
|
| 082 |
0 |
4 |
|a 971.6/23
|2 23
|
| 100 |
1 |
|
|a Fanthorpe, R. Lionel.
|
| 245 |
1 |
4 |
|a The Oak Island mystery :
|b the world's greatest treasure hunt /
|c Lionel and Patricia Fanthorpe.
|
| 250 |
|
|
|a 2nd ed.
|
| 264 |
|
1 |
|a Toronto :
|b Dundurn Press,
|c [2012]
|
| 264 |
|
4 |
|c ©2012
|
| 300 |
|
|
|a 1 online resource.
|
| 336 |
|
|
|a text
|b txt
|2 rdacontent
|
| 337 |
|
|
|a computer
|b c
|2 rdamedia
|
| 338 |
|
|
|a online resource
|b cr
|2 rdacarrier
|
| 504 |
|
|
|a Includes bibliographical references and index.
|
| 588 |
|
|
|a Description based on print version record.
|
| 500 |
|
|
|a Electronic resource.
|
| 651 |
|
0 |
|a Oak Island Treasure Site (N.S.)
|
| 650 |
|
0 |
|a Treasure troves
|z Nova Scotia
|z Oak Island (Lunenburg)
|x History.
|
| 655 |
|
7 |
|a Electronic books.
|2 local
|
| 700 |
1 |
|
|a Fanthorpe, P. A.
|
| 710 |
2 |
|
|a ebrary, Inc.
|
| 776 |
1 |
8 |
|c Original
|z 9781554889945
|z 1554889944
|w (DLC) 2012451790
|
| 856 |
4 |
0 |
|u https://ebookcentral.proquest.com/lib/tamucs/detail.action?docID=3279602
|y Connect to the full text of this electronic book
|t 0
|
| 955 |
|
|
|a YBP purchased DDA e-records
|
| 980 |
|
|
|b 37.49
|g 1
|
| 999 |
f |
f |
|s 7fbd8429-79b4-3f56-b9de-7804d25f06b2
|i 562f6316-f5a1-3f51-badb-d2972eb04478
|t 0
|
| 999 |
|
|
|a MARS
|
| 952 |
f |
f |
|a Texas A&M University
|b College Station
|c Electronic Resources
|d Available Online
|t 0
|e F1039.O35 F35 2012
|h Library of Congress classification
|
| 998 |
f |
f |
|a F1039.O35 F35 2012
|t 0
|l Available Online
|